Tiềm năng phát triển nhiên liệu sinh học tại Bình Thuận

সংরক্ষণ করুন:
গ্রন্থ-পঞ্জীর বিবরন
প্রধান লেখক: Mai, Thanh Nga
বিন্যাস: গ্রন্থ
ভাষা:Undetermined
বিষয়গুলি:
অনলাইন ব্যবহার করুন:http://lrc.tdmu.edu.vn/opac/search/detail.asp?aID=2&ID=26577
ট্যাগগুলো: ট্যাগ যুক্ত করুন
কোনো ট্যাগ নেই, প্রথমজন হিসাবে ট্যাগ করুন!
Thư viện lưu trữ: Trung tâm Học liệu Trường Đại học Thủ Dầu Một
LEADER 00571nam a2200145Ia 4500
001 TDMU_26577
008 210410s9999 xx 000 0 und d
082 |a 370.9597 
100 |a Mai, Thanh Nga 
245 0 |a Tiềm năng phát triển nhiên liệu sinh học tại Bình Thuận 
245 0 |c Mai Thanh Nga 
300 |a Tr.15-20 
650 |a Khoa học công nghệ; Nhiên liệu sinh học; Bình Thuận 
856 |u http://lrc.tdmu.edu.vn/opac/search/detail.asp?aID=2&ID=26577 
980 |a Trung tâm Học liệu Trường Đại học Thủ Dầu Một